Score 0/20 Timer 02:00
1 Play Today
Hint Answer % Correct
Dr. SeussHat
97.9%
Charles DickensTale
97.8%
Dr. SeussStole
97.1%
Dr. SeussEggs
95%
Charles DickensGreat
92.9%
Dr. SeussHears
90.5%
Charles DickensDavid
90.3%
Charles DickensCarol
87.6%
Stephen KingMile
82.8%
Ernest HemingwayWhom
81.7%
Hint Answer % Correct
Ernest HemingwaySun
81.2%
Ernest HemingwaySea
75.8%
Stephen KingPet
69.3%
Ernest HemingwayFarewell
61.5%
Charles DickensNicholas
54.4%
Dr. SeussSocks
52.5%
Stephen KingLot
51.8%
Stephen KingLoved
43.8%
Stephen KingPast
30.8%
Ernest HemingwayFeast
24%

Today's Daily Dose

Missing Word
I Hardly Know Her!

Word Ladder
Sentence Ending

Quick Pick
Female Firsts

Get the Picture
Triathlon Sports

Remove Ads.
Support Sporcle.
Get the best of Sporcle when you Go Orange. This ad-free experience offers more features, more stats, and more fun while also helping to support Sporcle. Thank you for becoming a member.

You're not logged in!

Compare scores with friends on all Sporcle quizzes.
OR
Log In

Show Comments

Extras

Top Quizzes Today


Score Distribution

Your Account Isn't Verified!

In order to create a playlist on Sporcle, you need to verify the email address you used during registration. Go to your Sporcle Settings to finish the process.

Report this User

Report this user for behavior that violates our Community Guidelines.

Details: